Os du pied par image - Statistiques

Statistiques générales
  • Ce quiz a été pris 1 180 fois
  • Le résultat moyen est 7 sur 9
Statistiques - réponses
Par images Réponse % Correct
Métatarses
88%
Phalanges distales
81%
Phalanges moyennes
81%
Phalanges proximales
79%
Talus
75%
Cuboïde
67%
Os cunéiformes
66%
Calcanéus
62%
Os naviculaire
57%
Aucun quiz correspondant
Distribution des résultats
% des personnes avec chaque résultat
Percentile par nombre de réponses
Votre historique - résultats
Vous n’avez pas pris ce quiz